00575 2200205 4500001002100000005001500021035002000036245008400056100001400140250000600154300003400160260004000194082001400234084002000248020001800268008004100286650001000327700002400337990000800361INLIS00000000000027120240918092812 a0010-03190000881 aMr. Midnight :bBus Sekolah Tanpa Tujuan Balas Dendam Ikan Maskoki /cJames Lee0 aJames Lee a1 avi, 148 hlm :bilust ;c20 cm aJakarta :bPustaka Primatama,c2005 a899.221'3 a899.221'3 JAM m a979-3930-08-x240918 0  4aFiksi0 aAdenita Yusminovita a666